000 00715nam a22002537a 4500
999 _c432261
_d432261
001 52140
003 UA-OsUOA
005 20191121123422.0
007 ta
008 20150526b un ||||| |||| 00| 0 ukr d
040 _aUA-OsUOA
_bukr
_cUA-OsUOA
_dUA-OsUOA
041 _aukr
080 _a09.-82-31
090 _a09.-82-31
_bК31
100 _aКащенко А.
245 _aБорці за правду
260 _aВідень
_aКатеринослав
_c1919
300 _a112 с.
650 7 _a0 Загальний відділ.
_2UDC
942 _cBK
_2udc
955 _a3